000 01033nam a2200289 a 4500
999 _c357953
_d357953
001 000000351851
003 IT-MiSPE
005 20180709183847.0
008 061129s2002 it a 001 0 ita d
020 _a9788806158699
_cEUR 50,00 (due volumi)
040 _aIT-MiSPE
_bita
_cIT-MiSPE
041 _hfre
082 _a150.095-LAC ja sc (23179)
100 1 _aLacan, Jacques,
_d1901-1981.
_4autore
_957312
240 1 0 _aÉcrits.
_lfre
245 1 0 _aScritti
_bvolume II /
_cJacques Lacan ; a cura di Giacomo B. Contri.
260 _aTorino :
_bEinaudi,
_c2002.
300 _app. 527-927 ;
_b2 volumi
_c21 cm
490 1 _aBiblioteca Einaudi ;
_v134**
504 _aBibliografia e indice
655 7 _aPsicologia. Psicanalisi
_xVari altri psicanalisti.
_2local
_957313
655 7 _aPsicologia umana. Facoltà. Psicologia sperimentale
_xIntelligenza - Pensieri - Linguaggio.
_2local
_957314
700 1 _aContri, Giacomo B.,
_eed.
_957315
830 0 _aBiblioteca Einaudi ;
_v134**
_957316
942 _2ddc
_cBK